000
00276nam a22001217a 4500
008
181003b xxu||||| |||| 00| 0 eng d
041
_a
eng
080
_a
316
100
_a
50
101
_a
SOC
245
_a
Readings In Introductory Sociology
_c
Wrong.D.H
942
_2
udc
_c
BK
999
_c
48816
_d
48816